Exports of agricultural commodities from India (Record no. 1263025)

MARC details
000 -LEADER
fixed length control field 00557nam a2200181Ia 4500
005 - DATE AND TIME OF LATEST TRANSACTION
control field 20250317130249.0
008 - FIXED-LENGTH DATA ELEMENTS--GENERAL INFORMATION
fixed length control field 008 250317s9999 xx 000 0 eng d
040 ## - CATALOGING SOURCE
Original cataloging agency FMSL
Language of cataloging eng
Transcribing agency FMSL
041 ## - LANGUAGE CODE
Language code of text/sound track or separate title eng
Source of code eng
084 ## - COLON CLASSIFICATION NUMBER
Classification number X8(J):545.44 M8
Assigning agency FMSL
100 ## - MAIN ENTRY--PERSONAL NAME
Personal name DA Costa G C
9 (RLIN) 241314
245 #0 - TITLE STATEMENT
Title Exports of agricultural commodities from India
260 ## - PUBLICATION, DISTRIBUTION, ETC.
Place of publication, distribution, etc. Delhi
Name of publisher, distributor, etc. Delhi, Himalaya Pub. House
Date of publication, distribution, etc. 1988
300 ## - PHYSICAL DESCRIPTION
Extent 170p
942 ## - ADDED ENTRY ELEMENTS (KOHA)
Koha item type Textbook
Classification part X8(J):545.44 M8

No items available.

Copyright @ Delhi University Library System